[Event "Koge Bugt Efterar 2009"]
[Site "Solrod Skole"]
[Date "2009.09.23"]
[Round "6.1"]
[White "Forsmann, Henning"]
[Black "Larsen, Jan Robert"]
[Result "1-0"]
[WhiteElo "1757"]
[BlackElo "1718"]
[PlyCount "81"]
[EventDate "2009.??.??"]
[WhiteTeam "Solrød Skakklub"]
[BlackTeam "Vordingborg Skakklub"]

1. c4 f5 2. g3 Nf6 3. Bg2 e6 4. Nc3 d5 5. cxd5 exd5 6. Nf3 c6 7. d4 Bd6 8. O-O
O-O 9. Bg5 Qe8 10. Qc2 Ne4 11. Bf4 Bxf4 12. gxf4 Nd7 13. Ne5 Nxe5 14. dxe5 Nxc3
15. Qxc3 Be6 16. Qg3 Qh5 17. Bf3 Qh6 18. Kh1 Rad8 19. Rg1 d4 20. b3 Rd7 21.
Rgd1 Kh8 22. Rd3 Rg8 23. Rad1 Rgd8 24. Rg1 c5 25. h4 c4 26. bxc4 Bxc4 27. Rd2
Qe6 28. Rxd4 Bxa2 29. Bxb7 Rb8 30. Bf3 Rb1 31. Rxb1 Bxb1 32. Rb4 Rd1+ 33. Kh2
h6 34. Rb7 Rd7 35. Rxb1 a5 36. e4 Rd3 37. Rb7 g5 38. hxg5 fxe4 39. Rb8+ Kg7 40.
gxh6+ Kxh6 41. Rh8# 1-0

[Event "Koge Bugt Efterar 2009"]
[Site "Solrod Skole"]
[Date "2009.09.23"]
[Round "6.2"]
[White "Refsgaard, Kaj"]
[Black "Nielsen, Kai Gylling"]
[Result "1-0"]
[WhiteElo "1795"]
[BlackElo "1899"]
[PlyCount "111"]
[EventDate "2009.??.??"]
[WhiteTeam "Jernbanens Skakklub"]
[BlackTeam "Roskilde Skakklub"]

1. d4 Nf6 2. c4 e6 3. Nf3 b6 4. g3 Bb7 5. Bg2 d5 6. cxd5 Bxd5 7. O-O Nbd7 8.
Nc3 h6 9. Qa4 Bd6 10. Re1 Ne4 11. Nb5 O-O 12. Nxd6 Nxd6 13. Bf4 b5 14. Qc2 Be4
15. Qc3 Nb6 16. Qc5 a6 17. b3 Nd5 18. Bd2 Rc8 19. Ba5 Nb7 20. Qa3 Nxa5 21. Qxa5
Qd6 22. Rac1 f5 23. e3 Nb4 24. Red1 Nd3 25. Rc3 Nb4 26. Ne5 Bxg2 27. Kxg2 c5
28. Rdc1 c4 29. bxc4 bxc4 30. Rxc4 Rxc4 31. Rxc4 Rb8 32. a3 Rb5 33. Rc8+ Kh7
34. Qd8 Qxd8 35. Rxd8 Nc2 36. h4 h5 37. Rd6 Ra5 38. Rxe6 Rxa3 39. Nf7 Kg8 40.
Ng5 Kf8 41. Rc6 Ra2 42. Re6 a5 43. d5 Nb4 44. d6 Rd2 45. Re5 Rxf2+ 46. Kh3 Rd2
47. Rxf5+ Ke8 48. Ne4 Rd5 49. Rf1 a4 50. Rc1 a3 51. Rc8+ Kd7 52. Rc7+ Kd8 53.
Rxg7 Ra5 54. Nf6 Re5 55. Rg8+ Re8 56. Rxe8# 1-0

[Event "Koge Bugt Efterar 2009"]
[Site "Solrod Skole"]
[Date "2009.09.23"]
[Round "6.3"]
[White "Krogh, Peter Ove"]
[Black "Hein, Jacob"]
[Result "1-0"]
[WhiteElo "1945"]
[BlackElo "1593"]
[PlyCount "101"]
[EventDate "2009.??.??"]
[WhiteTeam "Greve Skakklub"]
[BlackTeam "Espergærde Skakklub"]

1. c4 e5 2. g3 c6 3. d4 exd4 4. Qxd4 Nf6 5. e4 Bb4+ 6. Bd2 c5 7. Qe3 Nc6 8. Nc3
Qe7 9. f3 O-O 10. O-O-O Ba5 11. Nge2 a6 12. g4 Ne5 13. Nf4 Bxc3 14. Bxc3 b5 15.
g5 Ne8 16. Nd5 Qe6 17. Qxc5 d6 18. Qe3 bxc4 19. h4 Qd7 20. Bxe5 Qa4 21. Nc3 Qc6
22. Bg3 Rb8 23. Qd2 Rb6 24. Nd5 Rb7 25. Bh3 Be6 26. Rh2 f5 27. gxf6 Nxf6 28.
Bxe6+ Kh8 29. Nxf6 Rxf6 30. Qxd6 Qe8 31. Be5 Rxe6 32. Qxe6 Qxe6 33. Rd8+ Qg8
34. Rxg8+ Kxg8 35. Rg2 g6 36. f4 Kf7 37. Kc2 Rd7 38. Rd2 Rxd2+ 39. Kxd2 Ke6 40.
Bd4 h6 41. Kc3 g5 42. fxg5 hxg5 43. hxg5 Kf7 44. Kxc4 Kg6 45. Bf6 a5 46. e5 Kf7
47. Kd5 a4 48. e6+ Kf8 49. g6 a3 50. b4 Ke8 51. b5 1-0

[Event "Koge Bugt Efterar 2009"]
[Site "Solrod Skole"]
[Date "2009.09.23"]
[Round "6.4"]
[White "Thrane, Jens"]
[Black "Wieland, Carsten"]
[Result "1-0"]
[WhiteElo "1615"]
[BlackElo "1187"]
[PlyCount "53"]
[EventDate "2009.??.??"]
[WhiteTeam "Tårnby Skakklub"]
[BlackTeam "Solrød Skakklub"]

1. c4 e6 2. d4 d5 3. e3 Nf6 4. Ne2 Ne4 5. Nbc3 Bb4 6. a3 Qf6 7. f3 Qh4+ 8. g3
Bxc3+ 9. bxc3 Nxg3 10. Nxg3 O-O 11. cxd5 exd5 12. Bg2 Nd7 13. Qb3 Nb6 14. Ra2
Re8 15. Re2 Bf5 16. e4 dxe4 17. fxe4 Bg4 18. Rf2 Be6 19. Qc2 Nc4 20. O-O Rf8
21. Qd3 Rad8 22. Rf4 Qe7 23. Nf5 Bxf5 24. Rxf5 Nxa3 25. Ra5 b6 26. Bxa3 Qg5 27.
Rxg5 1-0

[Event "Koge Bugt Efterar 2009"]
[Site "Solrod Skole"]
[Date "2009.09.23"]
[Round "6.5"]
[White "Sørensen, Aron Frank"]
[Black "Jørgensen, Leif"]
[Result "1/2-1/2"]
[WhiteElo "1532"]
[BlackElo "1381"]
[PlyCount "95"]
[EventDate "2009.??.??"]
[WhiteTeam "Solrød Skakklub"]
[BlackTeam "Solrød Skakklub"]

1. Nf3 Nf6 2. d4 e6 3. c4 d5 4. g3 c6 5. Bg2 Bb4+ 6. Bd2 Qa5 7. O-O dxc4 8. Qc2
O-O 9. Qxc4 Bxd2 10. Nbxd2 Qd5 11. Ne5 Qxc4 12. Ndxc4 Rd8 13. Rfd1 Nd5 14. e4
Ne7 15. Nf3 f6 16. b4 Na6 17. a3 Rb8 18. Ra2 b5 19. Ne3 Rb7 20. Rad2 Rbd7 21.
Bh3 Rc7 22. g4 h6 23. e5 Kf7 24. exf6 gxf6 25. g5 hxg5 26. Ng4 Kg6 27. Bf1 Rf8
28. Ne3 Nb8 29. Rc1 Nd7 30. Bxb5 Bb7 31. Be2 Kg7 32. Rdc2 a6 33. Nd2 f5 34.
Ndc4 f4 35. Ng4 f3 36. Bd3 Rf4 37. Nge5 Rxd4 38. Bf1 Nxe5 39. Nxe5 Kf6 40. Nxf3
Rg4+ 41. Bg2 Nf5 42. h3 Rf4 43. Rc4 Rxc4 44. Rxc4 Rd7 45. Rg4 Rg7 46. Nd4 Nxd4
47. Rxd4 Rc7 48. Rc4 1/2-1/2

[Event "Koge Bugt Efterar 2009"]
[Site "Solrod Skole"]
[Date "2009.09.30"]
[Round "7.1"]
[White "Christensen, Verner"]
[Black "Nielsen, Kai Gylling"]
[Result "1-0"]
[WhiteElo "1945"]
[BlackElo "1899"]
[PlyCount "113"]
[EventDate "2009.??.??"]
[WhiteTeam "Solrød Skakklub"]
[BlackTeam "Roskilde Skakklub"]

1. e4 e5 2. f4 Nc6 3. Nf3 d6 4. Bc4 Be7 5. O-O Nf6 6. d3 Na5 7. Nc3 Nxc4 8.
dxc4 exf4 9. Bxf4 Be6 10. Qe2 c6 11. b3 Qa5 12. Na4 Nd7 13. e5 dxe5 14. Nxe5
Nxe5 15. Bxe5 O-O 16. Rad1 b5 17. cxb5 cxb5 18. Nc3 a6 19. Ne4 Rad8 20. h3 Rxd1
21. Rxd1 Re8 22. Qe3 b4 23. Qg3 g6 24. Qf4 Bf5 25. Nf6+ Bxf6 26. Bxf6 Qb6+ 27.
Bd4 Qc6 28. Bb2 Qb6+ 29. Kh2 Qb8 30. Rd6 Re6 31. Be5 Qe8 32. Rxe6 Qxe6 33. Bb2
f6 34. Qxb4 Bxc2 35. Qb8+ Kf7 36. Qc7+ Qe7 37. Qxc2 Qd6+ 38. g3 h5 39. Qc4+ Kg7
40. Qd4 Qe6 41. Qxf6+ Qxf6 42. Bxf6+ Kxf6 43. b4 Ke5 44. a4 Kd5 45. b5 axb5 46.
axb5 Kc5 47. Kg2 Kxb5 48. Kf3 g5 49. Ke4 g4 50. h4 Kc5 51. Kf5 Kd5 52. Kg5 Ke5
53. Kg6 Ke6 54. Kh6 Kf6 55. Kxh5 Kf5 56. Kh6 Kf6 57. h5 1-0

[Event "Koge Bugt Efterar 2009"]
[Site "Solrod Skole"]
[Date "2009.09.30"]
[Round "7.2"]
[White "Larsen, Jan Robert"]
[Black "Refsgaard, Kaj"]
[Result "1-0"]
[WhiteElo "1718"]
[BlackElo "1795"]
[PlyCount "59"]
[EventDate "2009.??.??"]
[WhiteTeam "Vordingborg Skakklub"]
[BlackTeam "Jernbanens Skakklub"]

1. e4 c5 2. Nc3 g6 3. g3 Nc6 4. Bg2 Bg7 5. d3 d6 6. Be3 Nf6 7. h3 O-O 8. Nge2
a6 9. O-O Bd7 10. Qd2 Re8 11. f4 Qc8 12. Kh2 e5 13. fxe5 Nxe5 14. Bg5 Nh5 15.
Nd5 f6 16. Bh6 g5 17. Bxg7 Kxg7 18. Nxf6 Nxf6 19. Qxg5+ Ng6 20. Qxf6+ Kg8 21.
Qxd6 Re6 22. Qd5 Kh8 23. Nf4 Qe8 24. Nxe6 Bxe6 25. Qxc5 h5 26. Qxh5+ Kg7 27.
Qf3 Qe7 28. Qe3 Rh8 29. Qd4+ Kg8 30. Qf6 1-0

[Event "Koge Bugt Efterar 2009"]
[Site "Solrod Skole"]
[Date "2009.09.30"]
[Round "7.3"]
[White "Hansen, Peter Steen"]
[Black "Thrane, Jens"]
[Result "0-1"]
[WhiteElo "1253"]
[BlackElo "1615"]
[PlyCount "42"]
[EventDate "2009.??.??"]
[WhiteTeam "Korsør Skakklub"]
[BlackTeam "Tårnby Skakklub"]

1. e4 c5 2. Nf3 Nc6 3. d4 cxd4 4. Nxd4 Qb6 5. Be3 Qxb2 6. Nd2 Nxd4 7. Bxd4 Qxd4
8. f3 g6 9. Rb1 Bg7 10. Rb3 e6 11. c3 Qe3+ 12. Qe2 Qxe2+ 13. Bxe2 Ne7 14. O-O
O-O 15. c4 f5 16. Rfb1 Nc6 17. Rd3 Nd4 18. Bd1 d5 19. cxd5 fxe4 20. fxe4 exd5
21. exd5 Bf5 0-1

[Event "Koge Bugt Efterar 2009"]
[Site "Solrod Skole"]
[Date "2009.09.30"]
[Round "7.4"]
[White "Wieland, Carsten"]
[Black "Sørensen, Aron Frank"]
[Result "0-1"]
[WhiteElo "1187"]
[BlackElo "1532"]
[PlyCount "70"]
[EventDate "2009.??.??"]
[WhiteTeam "Solrød Skakklub"]
[BlackTeam "Solrød Skakklub"]

1. d4 Nf6 2. c4 c5 3. d5 b5 4. b3 bxc4 5. bxc4 d6 6. Nf3 g6 7. e3 Bg7 8. Bd3
Nxd5 9. cxd5 Bxa1 10. Bd2 Bg7 11. Qa4+ Bd7 12. Qc2 O-O 13. O-O a5 14. Bc3 Na6
15. Bxg7 Kxg7 16. Qc3+ Kg8 17. Nbd2 Nc7 18. e4 Nb5 19. Bxb5 Bxb5 20. Re1 a4 21.
Ng5 e5 22. dxe6 Qxg5 23. Nf3 Qe7 24. exf7+ Rxf7 25. e5 d5 26. e6 Rf5 27. g4 d4
28. Qd2 Rxf3 29. Re5 Raf8 30. Qa5 Be8 31. Re2 Rc3 32. Kf1 Rc1+ 33. Re1 Rxe1+
34. Qxe1 Rf6 35. Qe5 Rxe6 0-1

[Event "Koge Bugt Efterar 2009"]
[Site "Solrod Skole"]
[Date "2009.09.30"]
[Round "7.5"]
[White "Jørgensen, Leif"]
[Black "Hein, Jacob"]
[Result "1/2-1/2"]
[WhiteElo "1381"]
[BlackElo "1593"]
[PlyCount "171"]
[EventDate "2009.??.??"]
[WhiteTeam "Solrød Skakklub"]
[BlackTeam "Espergærde Skakklub"]

1. d4 Nf6 2. c4 e6 3. Nc3 Bb4 4. Bd2 c5 5. Nf3 cxd4 6. Nxd4 e5 7. Nf3 Nc6 8. a3
Be7 9. e4 a6 10. b4 b6 11. Qb3 d6 12. Be2 O-O 13. Rd1 Bg4 14. h3 Bxf3 15. Bxf3
Nd4 16. Qb1 Nxf3+ 17. gxf3 Nh5 18. Nd5 Bg5 19. Rg1 Nf4 20. Bxf4 exf4 21. Qc1
Rc8 22. Qc3 f6 23. Qd4 Rc6 24. Ke2 Re8 25. Kd3 Re5 26. Rg4 h5 27. Rg2 Qc8 28.
Nxb6 Qxh3 29. Rgg1 Qxf3+ 30. Kc2 Qxa3 31. Rb1 Qf3 32. Rge1 Bh4 33. Nd7 Bxf2 34.
Nxe5 fxe5 35. Qd5+ Kh7 36. Qxc6 Bxe1 37. Qd5 Qc3+ 38. Kd1 f3 39. Rc1 f2 40.
Rxc3 f1=Q 41. Qd3 Qg1 42. Rc1 Bxb4+ 43. Kc2 Qf2+ 44. Kb3 Qb6 45. Kc2 Qa5 46.
Kd1 Qb6 47. Ke2 Bc5 48. Rb1 Qd8 49. Qf3 Qg5 50. Qf5+ Qxf5 51. exf5 Kh6 52. Kf3
Kg5 53. Ke4 Kf6 54. Ra1 g5 55. fxg6 Kxg6 56. Rxa6 Kg7 57. Kf3 Kf7 58. Ra1 Kg6
59. Kg3 Kf5 60. Kh4 Ke4 61. Kxh5 Kd3 62. Rc1 Kd2 63. Rh1 e4 64. Kg4 e3 65. Kf3
e2 66. Rh2 Kd3 67. Rxe2 Kxc4 68. Ke4 d5+ 69. Kf3 Kc3 70. Re5 Kc4 71. Ke2 d4 72.
Re8 Kc3 73. Kd1 Kd3 74. Re2 Bb4 75. Rg2 Bc3 76. Rg3+ Kc4 77. Kc2 Be1 78. Rg4
Bf2 79. Kd2 Be3+ 80. Ke2 Kc3 81. Kd1 d3 82. Rg3 Kd4 83. Rg2 Bf4 84. Ra2 d2 85.
Rxd2+ Bxd2 86. Kxd2 1/2-1/2